000 01044nam a2200253 a 4500
999 _c7101
_d7101
001 7101
003 BD-JhCC
005 20180205102353.0
008 180205s1994 bg |||| || | 000 0 ben d
035 _a(BD-JhCC)7101
040 _aBD-JhCC
_dBD-JhCC
041 _aben
082 _a327.09045
_bJUN 1994
100 _aজুনিয়র, আর্থার শ্লোসিঙ্গার
245 _aখ্যাতিমানদের চোখে সমসাময়িক বিশ্ব /
_c আর্থার শ্লোসিঙ্গার জুনিয়র, অস্কার অ্যারিয়াস এবং মারিও ভারগাস য়োসা
260 _aঢাকা :
_bআগামী প্রকাশনী,
_c1994
300 _a62 p. :
_c22 cm.
650 _aHeads of States
650 _aWorld Politics
700 _aঅ্যারিয়াস, অস্কার
700 _aয়োসা, মারিও ভারগাস
942 _2ddc
_cBK